[Event "Balkan Youth Online-ch 2020"]
[Site "Online"]
[Date "2020.10.31"]
[Round "6.40"]
[White "Vaupot, Luka"]
[Black "Veljanoski, Andrej"]
[Result "0-1"]
[WhiteElo "2010"]
[BlackElo "2007"]
[Annotator "TA"]
[PlyCount "88"]
[EventDate "2020.10.31"]
[EventType "swiss"]
[SourceTitle "playchess.com"]
[Source "ChessBase"]
[SourceQuality "1"]

1. d4 d5 2. c4 e6 3. Nf3 c6 4. g3 Nf6 5. Bg2 Be7 6. O-O Nbd7 7. Qc2 O-O 8. Nbd2 b6 9. e4 dxe4 10. Nxe4 Ba6 11. Ne5 Nxe5 12. dxe5 Nxe4 13. Bxe4 h6 14. Qa4 Qd4 15. Bxc6 Qxc4 16. Qxc4 Bxc4 17. Bxa8 Bxf1 18. Be4 Bc4 19. Be3 Rd8 20. Rc1 Bxa2 21. Rc7 Bc5 22. Bxc5 bxc5 23. Rxc5 g6 24. Rc7 Rb8 25. Bc6 a6 26. Rb7 Rc8 27. Rb6 Bc4 28. b4 Rd8 29. Kg2 Rc8 30. Kf3 Rxc6 31. Rxc6 Bd5+ 32. Ke3 Bxc6 33. Kd4 Bb5 34. f4 Kf8 35. Kc5 Ke7 36. h4 f6 37. Kd4 g5 38. fxg5 fxg5 39. hxg5 hxg5 40. Kc5 Kf7 41. Kd6 g4 42. Kc5 Kg6 43. Kd4 Kf5 44. Kc5 Kxe5 0-1

[Event "Balkan Youth Online-ch 2020"]
[Site "Online"]
[Date "2020.10.31"]
[Round "6.41"]
[White "Boci, Petro"]
[Black "Cani, Dejvi"]
[Result "1-0"]
[WhiteElo "1434"]
[BlackElo "1188"]
[Annotator "NA RC"]
[PlyCount "59"]
[EventDate "2020.10.31"]
[EventType "swiss"]
[SourceTitle "playchess.com"]
[Source "ChessBase"]
[SourceQuality "1"]

1. e4 e5 2. Nf3 Nc6 3. Bb5 d6 4. O-O Nf6 5. Re1 g6 6. c3 Bg7 7. h3 O-O 8. d4 exd4 9. cxd4 a6 10. Ba4 b5 11. Bc2 Re8 12. Nbd2 Bb7 13. Nf1 Nh5 14. Bg5 Qd7 15. Qd2 Nd8 16. Bh6 Ne6 17. d5 Nf8 18. Bxg7 Kxg7 19. Qc3+ Kg8 20. Ne3 c6 21. Ng4 h6 22. Nxh6+ Kh7 23. Nxf7 Qxf7 24. Ng5+ Kg8 25. Nxf7 Kxf7 26. dxc6 Bc8 27. Bb3+ Be6 28. Rad1 Bxb3 29. Qxb3+ Ke7 30. e5 1-0

[Event "Balkan Youth Online-ch 2020"]
[Site "Online"]
[Date "2020.10.31"]
[Round "6.43"]
[White "Padurariu, Mihai-Edward"]
[Black "Filippovskiy Nikita"]
[Result "1-0"]
[WhiteElo "2084"]
[BlackElo "1534"]
[Annotator "TA"]
[PlyCount "95"]
[EventDate "2020.10.31"]
[EventType "swiss"]
[SourceTitle "playchess.com"]
[Source "ChessBase"]
[SourceQuality "1"]

1. e4 c5 2. b3 Nc6 3. Bb2 Nf6 4. e5 Nd5 5. g3 d6 6. exd6 exd6 7. Bg2 Be6 8. Ne2 Nf6 9. d4 cxd4 10. Nxd4 Qa5+ 11. Bc3 Qe5+ 12. Ne2 Qh5 13. O-O Be7 14. Nf4 Qxd1 15. Rxd1 O-O 16. Re1 Bf5 17. Bxc6 bxc6 18. Rxe7 Bxc2 19. Bxf6 gxf6 20. Nd2 Rfe8 21. Rxe8+ Rxe8 22. Rc1 Bf5 23. Nc4 d5 24. Nd6 Re5 25. Nxf5 Rxf5 26. Rxc6 Kf8 27. Rd6 Ke7 28. Rxd5 Rxd5 29. Nxd5+ Ke6 30. Nf4+ Ke5 31. Kf1 Kd4 32. Ke2 Kc3 33. Ke3 Kb2 34. Kd3 Kxa2 35. Kc2 a5 36. Nd5 f5 37. Ne7 f4 38. gxf4 Ka3 39. Ng8 Kb4 40. Nf6 h6 41. Ng8 h5 42. Nh6 f6 43. Ng8 f5 44. Ne7 h4 45. Nxf5 a4 46. bxa4 Kxa4 47. Nxh4 Kb5 48. Kd3 1-0

[Event "Balkan Youth Online-ch 2020"]
[Site "Online"]
[Date "2020.10.31"]
[Round "6.44"]
[White "Mitkov, Simeon-Alekzander"]
[Black "Dimov, Nikola"]
[Result "0-1"]
[WhiteElo "1319"]
[BlackElo "1771"]
[Annotator "NA RC"]
[PlyCount "40"]
[EventDate "2020.10.31"]
[EventType "swiss"]
[SourceTitle "playchess.com"]
[Source "ChessBase"]
[SourceQuality "1"]

1. e4 c5 2. Nf3 Nc6 3. d4 cxd4 4. Nxd4 Nf6 5. Nc3 g6 6. Be3 Bg7 7. Qd2 O-O 8. Bh6 Bxh6 9. Qxh6 Nxd4 10. O-O-O Ne6 11. Bd3 Qb6 12. e5 Ng4 13. Qh4 Nxf2 14. Rdf1 Nxh1 15. Ne4 Kg7 16. g4 h6 17. Nf6 Qe3+ 18. Kb1 g5 19. Qh5 Nf4 20. Ne8+ Rxe8 0-1

[Event "Balkan Youth Online-ch 2020"]
[Site "Online"]
[Date "2020.10.31"]
[Round "6.46"]
[White "Gavrilescu, David"]
[Black "Omorjan, Dejan"]
[Result "1-0"]
[WhiteElo "2476"]
[BlackElo "2259"]
[Annotator "TA"]
[PlyCount "27"]
[EventDate "2020.10.31"]
[EventType "swiss"]
[SourceTitle "playchess.com"]
[Source "ChessBase"]
[SourceQuality "1"]

1. e4 c6 2. Nf3 d5 3. d3 g6 4. e5 c5 5. d4 cxd4 6. Qxd4 Nc6 7. Bb5 Bg7 8. O-O Bf5 9. Nc3 e6 10. Bxc6+ bxc6 11. Qa4 h5 12. Qxc6+ Kf8 13. Bg5 Ne7 14. Qb7 1-0

[Event "Balkan Youth Online-ch 2020"]
[Site "Online"]
[Date "2020.10.31"]
[Round "6.47"]
[White "Karousos-Theodorakis, Nikolaos"]
[Black "Alivodic, Dario"]
[Result "1/2-1/2"]
[WhiteElo "2244"]
[BlackElo "2093"]
[Annotator "TA"]
[PlyCount "193"]
[EventDate "2020.10.31"]
[EventType "swiss"]
[SourceTitle "playchess.com"]
[Source "ChessBase"]
[SourceQuality "1"]

1. e4 e6 2. b3 d5 3. Bb2 dxe4 4. Nc3 Nf6 5. Qe2 Be7 6. O-O-O O-O 7. Nxe4 Nxe4 8. Qxe4 Bf6 9. d4 Qd5 10. Bd3 Qxe4 11. Bxe4 Nc6 12. Bxc6 bxc6 13. Nf3 Rd8 14. Rhe1 Bb7 15. Ba3 a5 16. Bc5 a4 17. Kb2 Ra5 18. b4 Raa8 19. c4 Ba6 20. Kc3 h6 21. g4 g5 22. Ne5 Bb7 23. a3 Bg7 24. h4 Re8 25. h5 Rad8 26. Rd3 f6 27. Ng6 e5 28. dxe5 Rxd3+ 29. Kxd3 fxe5 30. Ke4 Kf7 31. Re3 Ke6 32. Rf3 Ba6 33. Nf8+ Bxf8 34. Rxf8 Rxf8 35. Bxf8 Bxc4 36. Bxh6 Bd5+ 37. Ke3 Kf6 38. f3 Bb3 39. Bf8 Bd5 40. Bc5 Bb3 41. Ba7 Bc2 42. Bb8 Bh7 43. Bxc7 Bc2 44. Bd8+ Kf7 45. Bxg5 Ke6 46. Bd8 Kd7 47. Bf6 Ke6 48. Bh8 Bh7 49. f4 exf4+ 50. Kxf4 Bc2 51. g5 Bd1 52. h6 Bc2 53. Bc3 Bg6 54. Kg4 Kf7 55. Bd4 Ke6 56. Bf2 Kf7 57. Be1 Ke6 58. Kf4 Kd5 59. Bc3 Ke6 60. Bb2 Kd5 61. Kg4 Ke6 62. Bc3 Kf7 63. Kg3 Ke6 64. Kf4 Kd5 65. Be1 Ke6 66. Ke3 Kd5 67. Bg3 Bh7 68. Bc7 Bg6 69. Bd8 Bh7 70. Kd2 Kc4 71. Ke3 Kd5 72. Kd2 Kc4 73. Be7 Bg6 74. Bf8 Bh7 75. Bg7 Bg6 76. Bf6 Bh7 77. Ke2 Kd5 78. Kf3 Ke6 79. Kf4 Bg6 80. Kg4 Kf7 81. Bd4 Ke6 82. Kf4 Bh7 83. Bf2 Bg6 84. Ke3 Kd5 85. Kd2 Kc4 86. Bg3 Bh7 87. Bd6 Bg6 88. Bc5 Bh7 89. Ke3 Kd5 90. Bf8 Bg6 91. Kf4 Ke6 92. Kg4 Kf7 93. Bc5 Bh7 94. Kf4 Ke6 95. Bd4 Bg6 96. Kg3 Kf7 97. Kg4 1/2-1/2

[Event "Balkan Youth Online-ch 2020"]
[Site "Online"]
[Date "2020.10.31"]
[Round "6.48"]
[White "Miletic, Vuk"]
[Black "Tisaj, Domen"]
[Result "1-0"]
[WhiteElo "2106"]
[BlackElo "2274"]
[Annotator "TA"]
[PlyCount "137"]
[EventDate "2020.10.31"]
[EventType "swiss"]
[SourceTitle "playchess.com"]
[Source "ChessBase"]
[SourceQuality "1"]

1. d4 d5 2. c4 e6 3. Nc3 Nf6 4. cxd5 exd5 5. Bg5 c6 6. e3 Be7 7. Bd3 Nbd7 8. Qc2 Nf8 9. Nge2 Ne6 10. Bh4 g6 11. f3 Ng7 12. Bf2 O-O 13. O-O Re8 14. h3 b6 15. e4 Bb7 16. e5 Nd7 17. f4 c5 18. Qd2 cxd4 19. Nxd4 Nc5 20. Bb5 Rf8 21. Nc6 Bxc6 22. Bxc6 Rc8 23. Bxd5 Nce6 24. Rad1 Qc7 25. g3 Bb4 26. Rc1 Rfd8 27. Rfd1 h5 28. a3 Be7 29. Ne4 Qb8 30. Rxc8 Qxc8 31. Qe2 Nc7 32. Qc4 Nge6 33. Kg2 Nxd5 34. Qxc8 Ndxf4+ 35. gxf4 Rxc8 36. Kf3 Rc7 37. Be3 Kf8 38. Nc3 Ke8 39. Rd2 Rc4 40. Nb5 Bc5 41. Bxc5 Rxc5 42. Nd6+ Ke7 43. Ne4 Rc4 44. Rd3 Rc2 45. Rd2 Rc1 46. Nf6 Rf1+ 47. Kg2 Rxf4 48. Nd5+ Ke8 49. Nxf4 Nxf4+ 50. Kg3 Ne6 51. b4 Ke7 52. h4 Ng7 53. Kf4 Nf5 54. Rc2 Kd7 55. Kg5 Ne3 56. Re2 Ng4 57. Re4 Ke6 58. Kf4 Nh6 59. b5 Nf5 60. Kg5 Kd5 61. Ra4 Kxe5 62. Rxa7 Nd6 63. a4 Ne4+ 64. Kh6 f5 65. Kxg6 f4 66. Rf7 Nc5 67. Kxh5 Nxa4 68. Kg4 Nc3 69. Rxf4 1-0

[Event "Balkan Youth Online-ch 2020"]
[Site "Online"]
[Date "2020.10.31"]
[Round "6.49"]
[White "Akdag, Omer Amir"]
[Black "David, Bogdan-Emanuel"]
[Result "1/2-1/2"]
[WhiteElo "1970"]
[BlackElo "2092"]
[Annotator "TA"]
[PlyCount "130"]
[EventDate "2020.10.31"]
[EventType "swiss"]
[SourceTitle "playchess.com"]
[Source "ChessBase"]
[SourceQuality "1"]

1. d4 d6 2. Nf3 g6 3. e3 Bg7 4. Be2 Nd7 5. O-O e5 6. dxe5 dxe5 7. c4 Ngf6 8. Nc3 O-O 9. Qc2 c6 10. b3 Re8 11. e4 Nf8 12. Bb2 Qc7 13. Nd1 Nh5 14. g3 Bh3 15. Re1 Rad8 16. Ng5 Qc8 17. Ne3 Nf6 18. c5 h6 19. Nxh3 Qxh3 20. Bf1 Qc8 21. Nc4 Qc7 22. Bc3 N8d7 23. b4 b6 24. Qb2 Rb8 25. cxb6 axb6 26. Rac1 Ra8 27. a3 b5 28. Na5 Reb8 29. Nb3 Qa7 30. Na5 Qc7 31. Nb3 Qa7 32. Qc2 Qb6 33. Na5 c5 34. bxc5 Nxc5 35. Bxe5 Rc8 36. Qb2 Rxa5 37. Bd4 Ra7 38. Rc2 Rac7 39. Rec1 Ne8 40. e5 Bf8 41. Bxb5 Rd8 42. Be3 Rdc8 43. a4 Qb7 44. Qa2 Ne6 45. Bc4 N8g7 46. a5 Bc5 47. a6 Qa7 48. Bxh6 Nd4 49. Rc3 Bb4 50. Bxf7+ Kh7 51. Rxc7 Rxc7 52. Be3 Rxc1+ 53. Bxc1 Nf3+ 54. Kg2 Nxe5 55. Bd5 Bc5 56. Bg5 Nd3 57. f3 Nb4 58. Qc4 Nxd5 59. Qxd5 Qc7 60. Qb7 Qa5 61. Bf6 Qd2+ 62. Kh3 Qh6+ 63. Kg2 Qd2+ 64. Kh3 Qh6+ 65. Kg2 Qd2+ 1/2-1/2

[Event "Balkan Youth Online-ch 2020"]
[Site "Online"]
[Date "2020.10.31"]
[Round "6.50"]
[White "Zvezdakoski Matej"]
[Black "Eftovski, Mateo"]
[Result "0-1"]
[WhiteElo "1917"]
[BlackElo "1818"]
[Annotator "TA"]
[PlyCount "96"]
[EventDate "2020.10.31"]
[EventType "swiss"]
[SourceTitle "playchess.com"]
[Source "ChessBase"]
[SourceQuality "1"]

1. e4 e5 2. Nf3 Nc6 3. Bc4 Bc5 4. d3 Nf6 5. c3 d6 6. a4 a6 7. Nbd2 Ba7 8. Qe2 O-O 9. O-O Be6 10. Bxe6 fxe6 11. d4 exd4 12. cxd4 Nxd4 13. Nxd4 Bxd4 14. Qc4 Ba7 15. Qxe6+ Kh8 16. Kh1 Qe8 17. Qxe8 Raxe8 18. f3 h6 19. b4 Bd4 20. Rb1 d5 21. Nb3 Ba7 22. exd5 Nxd5 23. Nc5 Re2 24. Rb2 Rfe8 25. Ne4 Rxb2 26. Bxb2 Nxb4 27. Rd1 Re7 28. g4 Nc6 29. g5 hxg5 30. Nxg5 Be3 31. Ne4 Kg8 32. Kg2 Bf4 33. Rd5 Be5 34. Ba3 Re8 35. Rd7 Rd8 36. Rxd8+ Nxd8 37. Bc1 Ne6 38. h3 b5 39. axb5 axb5 40. h4 b4 41. Nf2 Nf4+ 42. Kf1 b3 43. Bxf4 Bxf4 44. Nd3 Bd6 45. Ke2 c5 46. Kd2 c4 47. Nb2 Bb4+ 48. Kc1 Ba3 0-1

[Event "Balkan Youth Online-ch 2020"]
[Site "Online"]
[Date "2020.10.31"]
[Round "6.51"]
[White "Vogli, Erjon"]
[Black "Iustin, Silviu"]
[Result "0-1"]
[WhiteElo "1512"]
[BlackElo "1998"]
[Annotator "TA"]
[PlyCount "54"]
[EventDate "2020.10.31"]
[EventType "swiss"]
[SourceTitle "playchess.com"]
[Source "ChessBase"]
[SourceQuality "1"]

1. e4 e6 2. Nf3 d5 3. exd5 exd5 4. d4 Bd6 5. Bd3 Ne7 6. O-O Nbc6 7. h3 Be6 8. c3 Qd7 9. Re1 f6 10. Qb3 O-O-O 11. Nh4 g5 12. Nf3 Bxh3 13. gxh3 Qxh3 14. Nbd2 g4 15. Ne5 fxe5 16. dxe5 Nxe5 17. Bf1 Qh5 18. Bg2 Nf3+ 19. Bxf3 gxf3 20. Nxf3 Qxf3 21. Re3 Rhg8+ 22. Kf1 Qh1+ 23. Ke2 Nf5 24. Re6 Rde8 25. Rxe8+ Rxe8+ 26. Kd2 Bf4+ 27. Kc2 Re2+ 0-1

[Event "Balkan Youth Online-ch 2020"]
[Site "Online"]
[Date "2020.10.31"]
[Round "6.54"]
[White "Ciocirlan, Bianca-Alexandra"]
[Black "Yurt, Nehir"]
[Result "1-0"]
[WhiteElo "1038"]
[BlackElo "1230"]
[Annotator "NA RC"]
[PlyCount "97"]
[EventDate "2020.10.31"]
[EventType "swiss"]
[SourceTitle "playchess.com"]
[Source "ChessBase"]
[SourceQuality "1"]

1. e4 e5 2. Nf3 Nc6 3. d4 exd4 4. Nxd4 Qf6 5. Nxc6 bxc6 6. Nc3 Bc5 7. Qe2 Ne7 8. Be3 Bb4 9. Bd2 Bc5 10. Be3 Bb6 11. Qd3 O-O 12. Be2 Rd8 13. O-O d5 14. Rad1 d4 15. Na4 Ng6 16. Nxb6 cxb6 17. Bxd4 Qd6 18. Qc3 Nf4 19. Bf3 Qg6 20. Be5 Rxd1 21. Rxd1 Ne6 22. Qxc6 Bb7 23. Qxb7 Rf8 24. Qxa7 Ng5 25. Bg3 Nxf3+ 26. gxf3 h5 27. h4 Qf6 28. Kg2 Qxb2 29. Qa4 Qf6 30. Rd6 Qb2 31. Qb3 Qc1 32. Rxb6 g5 33. Rb8 gxh4 34. Rxf8+ Kxf8 35. Qb8+ Kg7 36. Qe5+ f6 37. Qe7+ Kg6 38. Qe8+ Kh6 39. Bxh4 Qb2 40. Qh8+ Kg6 41. Qg8+ Kh6 42. Qf7 Qc1 43. Qxf6+ Kh7 44. Qf7+ Kh6 45. f4 Qxf4 46. Qxf4+ Kh7 47. Bg5 h4 48. Qf7+ Kh8 49. Bf6# 1-0

[Event "Balkan Youth Online-ch 2020"]
[Site "Online"]
[Date "2020.10.31"]
[Round "6.55"]
[White "Kontogianni, Vasiliki"]
[Black "Beber, Anja"]
[Result "1/2-1/2"]
[WhiteElo "1144"]
[BlackElo "1285"]
[Annotator "NA RC"]
[PlyCount "101"]
[EventDate "2020.10.31"]
[EventType "swiss"]
[SourceTitle "playchess.com"]
[Source "ChessBase"]
[SourceQuality "1"]

1. d4 Nf6 2. c4 e6 3. Nc3 d5 4. cxd5 exd5 5. Bg5 Nbd7 6. e3 Be7 7. Bd3 O-O 8. Qc2 c6 9. Nge2 Bd6 10. Bxh7+ Kh8 11. Bd3 Qc7 12. a3 a6 13. a4 c5 14. dxc5 Qxc5 15. Bf5 Be5 16. Qd3 g6 17. Bxd7 Bxd7 18. Bxf6+ Bxf6 19. Qxd5 Qc7 20. O-O Be5 21. h3 Rad8 22. Qe4 Kg7 23. Rac1 Bf5 24. Qb4 Qb8 25. e4 Be6 26. Qa3 Rh8 27. f4 Bd6 28. Qa1 Qa7+ 29. Kh1 Qe3 30. Rf3 Qa7 31. b4 Kg8 32. b5 Bg4 33. Rg3 Bxe2 34. Nxe2 Qf2 35. Re1 Bb4 36. Rd1 Bd2 37. Qf6 Rd7 38. Qe5 Kh7 39. f5 Bf4 40. Qxf4 Rxd1+ 41. Kh2 Qe1 42. fxg6+ Kg7 43. Qxf7+ Kh6 44. Qf4+ Kg7 45. Qe5+ Kg8 46. Qe6+ Kg7 47. Qe5+ Kg8 48. Qe8+ Kg7 49. Qf7+ Kh6 50. Qf4+ Kg7 51. Qe5+ 1/2-1/2

[Event "Balkan Youth Online-ch 2020"]
[Site "Online"]
[Date "2020.10.31"]
[Round "6.57"]
[White "Toumpakari, Maria"]
[Black "Siskou, Evangelia"]
[Result "0-1"]
[WhiteElo "1376"]
[BlackElo "1339"]
[Annotator "NA RC"]
[PlyCount "144"]
[EventDate "2020.10.31"]
[EventType "swiss"]
[SourceTitle "playchess.com"]
[Source "ChessBase"]
[SourceQuality "1"]

1. e4 e5 2. Nf3 Nc6 3. d4 exd4 4. Nxd4 Nf6 5. Nxc6 bxc6 6. e5 Qe7 7. Qe2 Nd5 8. c4 Ba6 9. Bd2 g6 10. Nc3 Nxc3 11. Bxc3 Bg7 12. O-O-O O-O 13. f4 Rae8 14. Qd2 Bh6 15. g3 Rd8 16. Ba5 Rc8 17. Qb4 Qxe5 18. Qc3 Qxc3+ 19. Bxc3 d6 20. b3 Bg7 21. Bxg7 Kxg7 22. Bg2 c5 23. Rhe1 Rfe8 24. Bc6 Rxe1 25. Rxe1 Kf6 26. Kd2 Rd8 27. Ke3 Bc8 28. Kf3 h5 29. Re8 Rxe8 30. Bxe8 Bb7+ 31. Ke3 c6 32. Bd7 d5 33. cxd5 cxd5 34. Kd3 Ke7 35. Bh3 Ba6+ 36. Kd2 Kd6 37. Bg2 Bb7 38. Kc2 Kc7 39. Kd2 a5 40. a3 Bc6 41. Kc1 d4 42. Bxc6 Kxc6 43. Kd2 Kd5 44. Kd3 f6 45. h3 Kd6 46. Kc4 Kc6 47. a4 g5 48. fxg5 fxg5 49. g4 h4 50. Kd3 Kd5 51. Kd2 c4 52. bxc4+ Kxc4 53. Kc2 Kb4 54. Kd3 Kxa4 55. Kxd4 Kb3 56. Ke5 a4 57. Kf5 a3 58. Kxg5 a2 59. Kxh4 a1=Q 60. g5 Qd4+ 61. Kh5 Qe5 62. Kh6 Qh8+ 63. Kg6 Kc4 64. Kf7 Qxh3 65. g6 Qh5 66. Kf6 Qh8+ 67. Kf7 Kd5 68. g7 Qh7 69. Kf8 Qf5+ 70. Ke8 Qe6+ 71. Kf8 Kd6 72. g8=N Qc8+ 0-1

[Event "Balkan Youth Online-ch 2020"]
[Site "Online"]
[Date "2020.10.31"]
[Round "6.58"]
[White "Caku, Kler"]
[Black "Aldea, Maria-Antonia"]
[Result "1-0"]
[WhiteElo "1199"]
[BlackElo "1181"]
[Annotator "NA RC"]
[PlyCount "129"]
[EventDate "2020.10.31"]
[EventType "swiss"]
[SourceTitle "playchess.com"]
[Source "ChessBase"]
[SourceQuality "1"]

1. e4 c5 2. Nf3 e6 3. d4 cxd4 4. Nxd4 Nf6 5. Nc3 d6 6. Be2 Be7 7. O-O O-O 8. Be3 a6 9. Qd2 Re8 10. f4 Qc7 11. f5 e5 12. Nb3 b5 13. a3 Bb7 14. Bf3 Nbd7 15. Nd5 Nxd5 16. exd5 Nf6 17. Qd3 Bf8 18. Nd2 Rac8 19. c3 Be7 20. Rae1 Nd7 21. h3 Nc5 22. Bxc5 Qxc5+ 23. Kh1 f6 24. Ne4 Qc4 25. Rd1 Qxd3 26. Rxd3 a5 27. Rfd1 Ba6 28. R3d2 Rb8 29. Be2 Bc8 30. g4 Bd7 31. Rc1 Rec8 32. Rdc2 Kf8 33. b4 axb4 34. cxb4 Rd8 35. Rc7 Ra8 36. R1c3 Rab8 37. Ra7 Ke8 38. Rcc7 Bf8 39. Nc3 h6 40. Kg2 Rb6 41. Rcb7 Rxb7 42. Rxb7 Ra8 43. Nxb5 Rc8 44. Rc7 Rxc7 45. Nxc7+ Kd8 46. Ne6+ Ke8 47. b5 Bxe6 48. fxe6 Be7 49. b6 Kd8 50. a4 Kc8 51. a5 Kb7 52. Kf3 Bd8 53. Ke4 Be7 54. Kf5 Bf8 55. Kg6 Be7 56. Kxg7 Bd8 57. Kf7 Kb8 58. e7 Bxe7 59. Kxe7 e4 60. Kxd6 e3 61. Ke7 Kc8 62. d6 Kb8 63. a6 h5 64. d7 f5 65. d8=Q# 1-0

[Event "Balkan Youth Online-ch 2020"]
[Site "Online"]
[Date "2020.10.31"]
[Round "6.59"]
[White "Levstik Taja"]
[Black "Timagina, Sofia"]
[Result "0-1"]
[WhiteElo "1342"]
[BlackElo "1127"]
[Annotator "NA RC"]
[PlyCount "58"]
[EventDate "2020.10.31"]
[EventType "swiss"]
[SourceTitle "playchess.com"]
[Source "ChessBase"]
[SourceQuality "1"]

1. e4 e5 2. Nf3 Nc6 3. Bc4 Bc5 4. c3 Nf6 5. d4 exd4 6. cxd4 Bb4+ 7. Bd2 Bxd2+ 8. Nbxd2 d5 9. exd5 Nxd5 10. Nf1 O-O 11. Ng3 Re8+ 12. Be2 h6 13. O-O Be6 14. Re1 Qf6 15. Qd2 Rad8 16. Rad1 Nf4 17. Ne4 Nxe2+ 18. Rxe2 Qg6 19. Ng3 Rd7 20. Rde1 Red8 21. Nh4 Qf6 22. Re4 Rxd4 23. Qe3 Rxe4 24. Qxe4 Rd4 25. Nh5 Qxh4 26. Qf3 Bg4 27. Re8+ Kh7 28. Qxf7 Rd1+ 29. Re1 Rxe1# 0-1

[Event "Balkan Youth Online-ch 2020"]
[Site "Online"]
[Date "2020.10.31"]
[Round "6.64"]
[White "Pirvan, Maria"]
[Black "Pandelescu, Maria-Catalina"]
[Result "0-1"]
[WhiteElo "1484"]
[BlackElo "1242"]
[Annotator "NA RC"]
[PlyCount "106"]
[EventDate "2020.10.31"]
[EventType "swiss"]
[SourceTitle "playchess.com"]
[Source "ChessBase"]
[SourceQuality "1"]

1. e4 d5 2. exd5 Qxd5 3. Nc3 Qa5 4. d4 Nf6 5. Bc4 Bf5 6. Bd2 c6 7. Nd5 Qd8 8. Nxf6+ exf6 9. Nf3 Bd6 10. O-O O-O 11. Nh4 Be6 12. Bd3 Re8 13. Nf5 Bf8 14. c3 Nd7 15. Qf3 Nb6 16. Qg3 Bxf5 17. Bxf5 g6 18. Bd3 Bg7 19. Rfe1 Qd7 20. h4 Nd5 21. h5 Qc7 22. Qf3 Rad8 23. g3 Qd7 24. Kg2 Rxe1 25. Rxe1 Re8 26. Rh1 Nc7 27. Bc4 b5 28. Bb3 c5 29. hxg6 hxg6 30. Qf4 c4 31. Bd1 Ne6 32. Qh4 g5 33. Qh7+ Kf8 34. Bf3 Nc7 35. Bc1 Ne6 36. b3 cxb3 37. Ba3+ Re7 38. Bxe7+ Qxe7 39. axb3 b4 40. d5 Nc5 41. c4 Nxb3 42. Rb1 Nd2 43. Rd1 Nxc4 44. Qf5 Nd6 45. Qd3 a5 46. Ra1 Qc7 47. Qa6 b3 48. Rxa5 b2 49. Qf1 Qb7 50. Qc1 bxc1=Q 51. Ra2 Qc4 52. Rd2 Ne4 53. Bxe4 Qxe4+ 0-1

[Event "Balkan Youth Online-ch 2020"]
[Site "Online"]
[Date "2020.10.31"]
[Round "6.66"]
[White "Karadas, Hena"]
[Black "Christodoulou, Georgia"]
[Result "0-1"]
[WhiteElo "1191"]
[BlackElo "1373"]
[Annotator "NA RC"]
[PlyCount "52"]
[EventDate "2020.10.31"]
[EventType "swiss"]
[SourceTitle "playchess.com"]
[Source "ChessBase"]
[SourceQuality "1"]

1. e4 e6 2. d4 d5 3. Nd2 Nf6 4. e5 Nfd7 5. Bd3 c5 6. c3 Nc6 7. Ne2 Qb6 8. Nf3 cxd4 9. cxd4 Bb4+ 10. Bd2 Bxd2+ 11. Qxd2 Qb4 12. Qxb4 Nxb4 13. Bb1 b6 14. a3 Nc6 15. O-O Ba6 16. Re1 O-O 17. Nc3 Rac8 18. Bc2 Rc7 19. Rac1 Rfc8 20. Ba4 Nf8 21. Bb5 Bb7 22. Bd3 Na5 23. b4 Rxc3 24. Rcd1 Nc4 25. a4 Nb2 26. Bb1 Nxd1 0-1

[Event "Balkan Youth Online-ch 2020"]
[Site "Online"]
[Date "2020.10.31"]
[Round "6.67"]
[White "Baklova, Mila"]
[Black "Gkoutzouki, Aikaterini Argyro"]
[Result "0-1"]
[WhiteElo "1226"]
[BlackElo "1380"]
[Annotator "NA RC"]
[PlyCount "58"]
[EventDate "2020.10.31"]
[EventType "swiss"]
[SourceTitle "playchess.com"]
[Source "ChessBase"]
[SourceQuality "1"]

1. e4 c5 2. Nf3 Nc6 3. d4 cxd4 4. Nxd4 e5 5. Nb5 d6 6. N1c3 a6 7. Na3 b5 8. Nd5 Nf6 9. Bg5 Be7 10. Bxf6 Bxf6 11. Be2 O-O 12. O-O Bb7 13. c3 Bg5 14. Qd3 Ne7 15. Ne3 Bxe3 16. Qxe3 f5 17. exf5 Nxf5 18. Qh3 Qg5 19. Nc2 Rae8 20. Ne3 Nxe3 21. fxe3 Be4 22. Rad1 d5 23. Bd3 Bxd3 24. Rxd3 Rxf1+ 25. Kxf1 Rf8+ 26. Kg1 Qf6 27. Rd1 Qf2+ 28. Kh1 Qf1+ 29. Rxf1 Rxf1# 0-1

[Event "Balkan Youth Online-ch 2020"]
[Site "Online"]
[Date "2020.10.31"]
[Round "6.68"]
[White "Stankovic, Andrea"]
[Black "Zhezhovska, Monika"]
[Result "1-0"]
[WhiteElo "1534"]
[BlackElo "1108"]
[Annotator "NA RC"]
[PlyCount "65"]
[EventDate "2020.10.31"]
[EventType "swiss"]
[SourceTitle "playchess.com"]
[Source "ChessBase"]
[SourceQuality "1"]

1. d4 d5 2. c4 e6 3. Nc3 Nf6 4. Nf3 Be7 5. Bg5 O-O 6. e3 a6 7. Bd3 dxc4 8. Bxc4 b5 9. Bd3 Bb7 10. O-O Nbd7 11. e4 c5 12. Rc1 cxd4 13. Nxd4 Nc5 14. e5 Nfd7 15. Bxe7 Qxe7 16. Re1 Nxd3 17. Qxd3 Qg5 18. Nf3 Bxf3 19. Qxf3 Nxe5 20. Qe4 Ng6 21. Rcd1 Rfd8 22. Qc6 Rdc8 23. Qb7 Qe7 24. Rd7 Qe8 25. Red1 Rd8 26. Ne4 Rxd7 27. Rxd7 Rd8 28. Nc5 Ne5 29. Rxd8 Qxd8 30. h3 Qd1+ 31. Kh2 h6 32. Qb8+ Kh7 33. Qxe5 1-0

[Event "Balkan Youth Online-ch 2020"]
[Site "Online"]
[Date "2020.10.31"]
[Round "6.69"]
[White "Arshinkova, Boryana"]
[Black "Omeri, Eklea"]
[Result "1-0"]
[WhiteElo "1329"]
[BlackElo "1070"]
[Annotator "NA RC"]
[PlyCount "116"]
[EventDate "2020.10.31"]
[EventType "swiss"]
[SourceTitle "playchess.com"]
[Source "ChessBase"]
[SourceQuality "1"]

1. e4 d6 2. d4 Nf6 3. Nc3 g6 4. Nf3 Bg7 5. Be3 Bg4 6. Be2 Nbd7 7. O-O O-O 8. Qd2 Bxf3 9. Bxf3 e5 10. d5 b6 11. Bh6 Nc5 12. b4 Ncd7 13. a3 Re8 14. Bxg7 Kxg7 15. Na4 b5 16. Nc3 a6 17. a4 bxa4 18. Rxa4 Nb6 19. Ra2 Qc8 20. Rfa1 Qb7 21. Be2 c6 22. Bxa6 Qc7 23. dxc6 Red8 24. Bb7 Rxa2 25. Rxa2 d5 26. exd5 Nbxd5 27. Nxd5 Nxd5 28. Qe1 Nxb4 29. Rb2 Nxc6 30. Bxc6 Qxc6 31. Qxe5+ Qf6 32. Qxf6+ Kxf6 33. Kf1 Rc8 34. Ke2 Ke6 35. Kd2 f5 36. Rb3 Kd5 37. Rd3+ Ke6 38. Rc3 Rd8+ 39. Rd3 Rc8 40. c3 Rc5 41. Rd4 h6 42. c4 g5 43. Kd3 h5 44. Rd8 h4 45. Kd4 Rc7 46. c5 f4 47. Rd6+ Kf7 48. Kd5 g4 49. Rh6 g3 50. hxg3 hxg3 51. fxg3 Rd7+ 52. Rd6 Rc7 53. gxf4 Re7 54. c6 Re1 55. c7 Rd1+ 56. Kc6 Rc1+ 57. Kd7 Re1 58. c8=Q Re7+ 1-0

[Event "Balkan Youth Online-ch 2020"]
[Site "Online"]
[Date "2020.10.31"]
[Round "6.70"]
[White "Criveanu, Maria"]
[Black "Vaupot, Eliza"]
[Result "1-0"]
[WhiteElo "1054"]
[BlackElo "1198"]
[Annotator "NA RC"]
[PlyCount "69"]
[EventDate "2020.10.31"]
[EventType "swiss"]
[SourceTitle "playchess.com"]
[Source "ChessBase"]
[SourceQuality "1"]

1. e4 c5 2. Nf3 e6 3. d4 cxd4 4. Nxd4 a6 5. Bd3 Qc7 6. Nc3 Bb4 7. Bd2 Nf6 8. O-O Nc6 9. Nf3 O-O 10. Re1 Bd6 11. Bg5 Be5 12. Nxe5 Qxe5 13. f4 Qd4+ 14. Kh1 h6 15. Bh4 b5 16. Qd2 Bb7 17. a3 Ne7 18. e5 Ng6 19. exf6 Nxh4 20. Bh7+ Kxh7 21. Qxd4 Bxg2+ 22. Kg1 Nf3+ 23. Kxg2 Nxd4 24. Rac1 d5 25. fxg7 Kxg7 26. Kf2 Kf6 27. Re3 Kf5 28. Ne2 Nxe2 29. Kxe2 Kxf4 30. Rf1+ Kg5 31. Rg3+ Kh5 32. Rfg1 Kh4 33. Rg4+ Kh3 34. R1g3+ Kxh2 35. Kf2 1-0

[Event "Balkan Youth Online-ch 2020"]
[Site "Online"]
[Date "2020.10.31"]
[Round "6.72"]
[White "Mihelic, Vesna"]
[Black "Ciftci, Zeynep"]
[Result "1-0"]
[WhiteElo "1872"]
[BlackElo "1603"]
[Annotator "NA RC"]
[PlyCount "61"]
[EventDate "2020.10.31"]
[EventType "swiss"]
[SourceTitle "playchess.com"]
[Source "ChessBase"]
[SourceQuality "1"]

1. e4 c6 2. d4 d5 3. exd5 cxd5 4. Bd3 Nc6 5. c3 Qc7 6. Ne2 Bg4 7. O-O Bxe2 8. Qxe2 e6 9. Nd2 Bd6 10. Nf3 Nf6 11. Bg5 Be7 12. Ne5 O-O 13. Bf4 Bd6 14. Bg3 a6 15. f4 Nd7 16. Rae1 Rfe8 17. Bxh7+ Kxh7 18. Qh5+ Kg8 19. Qxf7+ Kh8 20. Nxd7 Re7 21. Qh5+ Kg8 22. Ne5 Bxe5 23. fxe5 b5 24. Bh4 Rd7 25. Qg6 Nd8 26. Bxd8 Raxd8 27. Qxe6+ Kh8 28. Re3 g5 29. Rh3+ Kg7 30. Qf6+ Kg8 31. Rh8# 1-0